Dans Pokémon, où se situe...? - Statistiques

Statistiques générales
  • Ce quiz a été pris 21 fois
  • Le résultat moyen est 18 sur 45
Statistiques - réponses
Ou se situe... Lieu % Correct
...la maison de Blue ? Bourg Palette
82%
...la Tour Carillon ? Rosalia
76%
...la Tour de Combat (Sinnoh) ? Aire de Combat
71%
...la maison de Pierre Rochard ? Algatia
71%
...Cycles à Gogo (Kanto) ? Azuria
71%
...l'Antre du Dragon ? Ebenelle
71%
...la Tour Prismatique ? Illumis
71%
...la Tour Chétiflor ? Mauville
65%
...les Colonnes Lances ? Mont Couronné
59%
...la Grotte Origine ? Atalanopolis
53%
...L'Océane ? Carmin-sur-Mer
53%
...le Puits Ramoloss ? Ecorcia
53%
...la Tour Dragospire ? Flocombe
53%
...le Pokéwood ? Ondes-sur-Mer ?
53%
...le Parc Safari (Kanto) ? Parmanie
53%
...le Square Paisible ? Unionpolis
53%
...les Vestiges du Rêve ? Ogoesse
47%
...le Pokémon World Tournament ? Port Yoneuve
47%
...le Café Combat (Sinnoh) ? Aire de Survie
41%
...l'Académie de Paldea ? Mesaledo
41%
...l'Hôtel Rozbouton d'Or ? Motorby
41%
...l'Usine de Poké Balls ? Romant-sous-Bois
41%
...la Salle Epreuve ? Route Victoire
41%
...le Palais de N ? Route Victoire
41%
...le Vieux Château ? Forêt Vestigion
35%
...la Centrale de Kalos ? Route 13
35%
...le Château Enfoui ? Désert Délassant
29%
...Chez Kombu ? Jarramanca
29%
...le Manoir Chelou ? Kokohio
29%
...le Centre Météo ? Route 119
29%
...le Lavandia Sea ? Chenal 108
24%
...le Mont Mémoria ? Chenal 122
24%
...le Centre de Recherche Interdimensionnelle ? Ho'ohale
24%
...le Safari des Amis ? Batisques
18%
...le Pilier Céleste ? Chenal 131
18%
...l'Autel de la Lune ? Grand Canyon de Poni
18%
...Le Club des Epreuves de Hoenn ? Lavandia
18%
...l'Observatoire (Alola) ? Mont Hokulani
18%
...le Ranch Meumeu ? Route 39
18%
...le Siège du Groupe Galaxie ? Rusti-Cité
18%
..la Tour Dresseurs ? Ile 7
12%
...la Source du Héros ? Ludester
12%
...le Restaurant de fruits de mer : Le Brise-lames ? Skifford
12%
...la Boutique Delapêche ? Jaderaude
6%
...le Bradley Prix ? Rue du Dôme Royal
6%
Aucun quiz correspondant
Distribution des résultats
% des personnes avec chaque résultat
Percentile par nombre de réponses
Votre historique - résultats
Vous n’avez pas pris ce quiz